000 00320nam a22001457a 4500
008 221012b ||||| |||| 00| 0 eng d
020 _a099455540087
041 _aeng
080 _a575
082 _a575 ATK
100 _a15.1
101 _aIMU
245 _aATKINS DIABETES REVOLUTION
_cATKINS R
942 _2udc
_cBK
999 _c58523
_d58523